[Event "Titled Tue 1st Jul Late"]
[Site "chess.com INT"]
[Date "2025.07.01"]
[Round "4"]
[White "McDonald, Jhustice-Dimonte"]
[Black "Filippova, Margarita"]
[Result "1-0"]
[WhiteTitle "CM"]
[BlackTitle "WFM"]
[WhiteElo "2032"]
[BlackElo "2026"]
[WhiteFideId "7402481"]
[BlackFideId "34199680"]
[EventDate "2025.07.01"]

1. Nf3 d5 2. g3 Bg4 3. Bg2 Nd7 4. d4 h6 5. O-O e6 6. Nc3 Ngf6 7. Re1 Bd6 8. e4
dxe4 9. Nxe4 Nxe4 10. Rxe4 Bf5 11. Re2 O-O 12. c3 c5 13. Be3 Qc7 14. dxc5 Bxc5
15. Rd2 Rfd8 16. Nd4 Bxd4 17. Rxd4 Nf6 18. Qb3 Nd5 19. Rad1 Nxe3 20. fxe3 Rxd4
21. exd4 Rb8 22. d5 exd5 23. Bxd5 b6 24. Qc4 Qxc4 25. Bxc4 Kf8 26. Rd5 Be6 27.
Rd4 Bxc4 28. Rxc4 Rb7 29. Rd4 Ke7 30. Kf2 b5 31. Ke3 b4 32. Rxb4 Rxb4 33. cxb4
Kd6 34. Ke4 h5 35. Kf5 Kd5 36. Kg5 Kc4 37. Kxh5 Kxb4 38. Kg5 a5 39. h4 a4 40. h5
a3 41. bxa3+ Kxa3 42. Kf5 Kxa2 43. g4 Kb3 44. g5 1-0

[Event "Titled Tue 1st Jul Late"]
[Site "chess.com INT"]
[Date "2025.07.01"]
[Round "4"]
[White "Tasic, Vladimir"]
[Black "Kochetkov, German"]
[Result "0-1"]
[BlackTitle "IM"]
[WhiteElo "2208"]
[BlackElo "2277"]
[WhiteFideId "919667"]
[BlackFideId "13500635"]
[EventDate "2025.07.01"]

1. e4 e5 2. Nf3 d6 3. d4 exd4 4. Nxd4 Nf6 5. Nc3 Be7 6. Bf4 O-O 7. Qd2 a6 8.
O-O-O b5 9. f3 c5 10. Nf5 Bxf5 11. exf5 Nc6 12. Nd5 Nxd5 13. Qxd5 Nb4 14. Qd2
Nxa2+ 15. Kb1 Nb4 16. Bxd6 Qa5 17. Qxb4 cxb4 18. Bxe7 Rfe8 19. f6 gxf6 20. Bxf6
Re6 21. Bg5 Rg6 22. h4 h6 23. Bc1 Rc8 24. g4 Rgc6 25. Bd3 b3 26. cxb3 Qb4 27.
Be4 Qxb3 28. Bxc6 Rxc6 29. Rd2 Qxf3 30. Rg1 Qe4+ 31. Ka1 b4 32. b3 Kh7 33. g5
Qe3 34. Rf1 Qxb3 35. Bb2 hxg5 36. Rxf7+ Qxf7 37. hxg5 Kg6 38. Rh2 Qf1+ 39. Ka2
Kxg5 0-1

[Event "Titled Tue 1st Jul Late"]
[Site "chess.com INT"]
[Date "2025.07.01"]
[Round "4"]
[White "Siekanska, Zuzanna"]
[Black "Qiao, Cindy"]
[Result "0-1"]
[WhiteTitle "WCM"]
[BlackTitle "WFM"]
[WhiteElo "1864"]
[BlackElo "1899"]
[WhiteFideId "21852537"]
[BlackFideId "2620243"]
[EventDate "2025.07.01"]

1. d4 d5 2. c4 e6 3. Nc3 Nf6 4. cxd5 exd5 5. Bg5 Nbd7 6. e3 c6 7. Bd3 Be7 8. Qc2
h6 9. Bf4 O-O 10. Nf3 Nb6 11. O-O Re8 12. h3 Bd6 13. Ne5 Be6 14. Bh2 Rc8 15. f4
a6 16. Kh1 c5 17. Rf2 cxd4 18. exd4 Nc4 19. Re1 b5 20. f5 Bd7 21. Bxc4 dxc4 22.
Ref1 Bc6 23. Qe2 b4 24. Nd1 c3 25. bxc3 bxc3 26. Nxc3 Bxg2+ 27. Rxg2 Rxc3 28.
Rfg1 Bf8 29. Qe1 Rxh3 30. Qf1 Rh4 31. Qc4 Re7 32. Nc6 Rc7 33. Nxd8 Rxc4 0-1

[Event "Titled Tue 1st Jul Late"]
[Site "chess.com INT"]
[Date "2025.07.01"]
[Round "4"]
[White "Mesquita, Eduardo Barbosa"]
[Black "Nifdaliyev, Jahangir"]
[Result "0-1"]
[BlackTitle "FM"]
[WhiteElo "2014"]
[BlackElo "2312"]
[WhiteFideId "22757163"]
[BlackFideId "13407740"]
[EventDate "2025.07.01"]

1. e4 c5 2. Nf3 d6 3. d4 cxd4 4. Nxd4 Nf6 5. Nc3 a6 6. f3 g6 7. Be3 Bg7 8. Qd2
O-O 9. Bc4 Nc6 10. O-O-O Bd7 11. h4 h5 12. Bb3 Rc8 13. Kb1 b5 14. g4 hxg4 15. h5
Nxh5 16. fxg4 Bxg4 17. Rdg1 Ne5 18. Bh6 e6 19. Bxg7 Kxg7 20. Bxe6 Bxe6 21. Rxh5
Rh8 22. Rxh8 Qxh8 23. Nxe6+ fxe6 24. Qxd6 Qh2 25. Qe7+ Kh6 26. Qg5+ Kh7 27. Ne2
Qxe2 28. Rh1+ Kg8 29. Qh6 Qxc2+ 30. Ka1 Nf7 31. Qxg6+ Kf8 32. a3 Ke7 33. Rf1 Rf8
34. e5 Qxg6 0-1

[Event "Titled Tue 1st Jul Late"]
[Site "chess.com INT"]
[Date "2025.07.01"]
[Round "4"]
[White "Gelman, Alexander"]
[Black "Reprintsev, Alexander"]
[Result "1-0"]
[WhiteTitle "IM"]
[BlackTitle "IM"]
[WhiteElo "2403"]
[BlackElo "2256"]
[WhiteFideId "4118316"]
[BlackFideId "14100541"]
[EventDate "2025.07.01"]

1. d4 d5 2. Nc3 Nf6 3. Bf4 a6 4. e3 e6 5. g4 Bb4 6. Ne2 Nxg4 7. Rg1 Qh4 8. Bg3
Qh6 9. h3 Nf6 10. Bf4 Qh5 11. Rg5 Qh4 12. Rxg7 Nh5 13. Bg5 Qe4 14. a3 Nxg7 15.
axb4 Qg6 16. h4 f6 17. Bf4 c6 18. Ng3 h5 19. Bd3 Qf7 20. b5 e5 21. dxe5 cxb5 22.
Nxb5 O-O 23. Nd6 Qe7 24. Nxc8 Rxc8 25. Nxh5 fxe5 26. Bg5 Qe6 27. Nf6+ Kh8 28.
Ra5 b5 29. Bxb5 Qb6 30. b4 Nc6 31. Bxc6 Qxc6 32. Rxd5 Qc3+ 33. Kf1 Qxc2 34. Rd8+
Rxd8 35. Qxc2 Rac8 36. Qh7# 1-0

[Event "Titled Tue 1st Jul Late"]
[Site "chess.com INT"]
[Date "2025.07.01"]
[Round "4"]
[White "Yatskar, Martin"]
[Black "Yazici, Ugur Doga"]
[Result "1-0"]
[WhiteTitle "CM"]
[BlackTitle "CM"]
[WhiteElo "2225"]
[BlackElo "2161"]
[WhiteFideId "34109676"]
[BlackFideId "6363342"]
[EventDate "2025.07.01"]

1. d4 Nf6 2. c4 e6 3. Nc3 Bb4 4. Qc2 d5 5. cxd5 exd5 6. Bg5 c6 7. e3 h6 8. Bh4
Nbd7 9. Bd3 Bd6 10. Nf3 Qe7 11. O-O-O b5 12. e4 Bf4+ 13. Kb1 dxe4 14. Rhe1 e3
15. fxe3 Bg5 16. Nxg5 hxg5 17. Bxg5 Rxh2 18. Ne4 Bb7 19. Bf4 Nxe4 20. Bxh2 Ndf6
21. Be5 Nd6 22. Qc5 Nc8 23. Qxe7+ Kxe7 24. e4 Nb6 25. Bxf6+ Kxf6 26. Rf1+ Ke7
27. Rf2 Rd8 28. Rdf1 f6 29. d5 cxd5 30. e5 Nc4 31. exf6+ gxf6 32. b3 Ne3 33. Rh1
d4 34. Rh7+ Ke6 35. Rxb7 Rh8 36. Re2 Kd6 37. Rxb5 Rh1+ 38. Kb2 Nd1+ 39. Ka3 Nc3
40. Ra5 Nxe2 41. Bxe2 Re1 42. Bf3 Ke6 43. Rd5 1-0

[Event "Titled Tue 1st Jul Late"]
[Site "chess.com INT"]
[Date "2025.07.01"]
[Round "4"]
[White "Wu, Derek"]
[Black "Sobek, Jaroslav"]
[Result "1-0"]
[WhiteTitle "FM"]
[BlackTitle "FM"]
[WhiteElo "2232"]
[BlackElo "2195"]
[WhiteFideId "30914558"]
[BlackFideId "301388"]
[EventDate "2025.07.01"]

1. d4 d5 2. c4 dxc4 3. Nf3 Nf6 4. e3 Be6 5. Nbd2 c5 6. Ng5 Bg4 7. Qa4+ Nbd7 8.
Bxc4 e6 9. O-O h6 10. Nge4 a6 11. dxc5 Qc7 12. Nxf6+ gxf6 13. Ne4 O-O-O 14. b4
f5 15. Nc3 Ne5 16. Be2 Rg8 17. Bxg4 Nxg4 18. g3 Rd3 19. Qc2 Qd7 20. Na4 Kb8 21.
c6 bxc6 22. Nb6 Qd8 23. Nc4 Bg7 24. Na5 1-0

[Event "Titled Tue 1st Jul Late"]
[Site "chess.com INT"]
[Date "2025.07.01"]
[Round "4"]
[White "Hernandez Samayoa, Dilan Alexander"]
[Black "Castillo Pena, Patricia Evarista"]
[Result "1-0"]
[BlackTitle "WFM"]
[WhiteElo "2006"]
[BlackElo "1909"]
[WhiteFideId "7306679"]
[BlackFideId "6412106"]
[EventDate "2025.07.01"]

1. e4 c5 2. Nf3 d6 3. d4 cxd4 4. Nxd4 Nf6 5. Nc3 a6 6. Bc4 e6 7. O-O Nbd7 8.
Bxe6 fxe6 9. Nxe6 Qb6 10. Nd5 Nxd5 11. exd5 Nf6 12. Be3 Qa5 13. b4 Qxb4 14. Nc7+
Kf7 15. Nxa8 Bg4 16. Qd3 b5 17. Rfb1 Qe4 18. Qxe4 Nxe4 19. f3 Nc3 20. fxg4 Nxb1
21. Rxb1 Be7 22. Nc7 Rc8 23. Rf1+ Kg8 24. Nxa6 Rxc2 25. Nb4 Rb2 26. Nc6 Bf6 27.
g5 Bc3 28. Ne7+ 1-0

[Event "Titled Tue 1st Jul Late"]
[Site "chess.com INT"]
[Date "2025.07.01"]
[Round "4"]
[White "Risteski, Emil"]
[Black "Shankland, Sam"]
[Result "0-1"]
[WhiteTitle "IM"]
[BlackTitle "GM"]
[WhiteElo "2374"]
[BlackElo "2666"]
[WhiteFideId "15005267"]
[BlackFideId "2004887"]
[EventDate "2025.07.01"]

1. e4 c5 2. Nc3 Nc6 3. Nge2 Nf6 4. d4 cxd4 5. Nxd4 d6 6. Bc4 Qb6 7. Nb3 e6 8.
O-O a6 9. Bd3 Qc7 10. Be3 b5 11. f4 Bb7 12. Qf3 h5 13. Kh1 Be7 14. Rae1 g6 15.
Bg1 h4 16. h3 O-O-O 17. a4 b4 18. Nb5 axb5 19. axb5 d5 20. bxc6 Bxc6 21. e5 d4
22. Qf2 Nh5 23. Bh2 Ng3+ 24. Bxg3 hxg3 25. Qxg3 Bh4 26. Qg4 Bxe1 27. Rxe1 Kb8
28. Ra1 g5 29. fxg5 Qxe5 30. Na5 Bd5 31. Nc4 Qc7 32. b3 f5 33. gxf6 Rdg8 34. Bg6
Rh6 35. f7 Qxf7 36. Bxf7 Rxg4 37. Nb6 Rxh3+ 0-1

[Event "Titled Tue 1st Jul Late"]
[Site "chess.com INT"]
[Date "2025.07.01"]
[Round "4"]
[White "Guha, Eshan"]
[Black "Sochacki, Christophe"]
[Result "0-1"]
[BlackTitle "GM"]
[WhiteElo "2071"]
[BlackElo "2449"]
[WhiteFideId "30958628"]
[BlackFideId "662569"]
[EventDate "2025.07.01"]

1. Nf3 Nc6 2. d4 d6 3. c4 e5 4. Nc3 g6 5. Bg5 f6 6. Bh4 g5 7. Bg3 f5 8. e4 f4 9.
Nxe5 Nxe5 10. dxe5 h5 11. Be2 Bg4 12. Bxg4 hxg4 13. Qxg4 fxg3 14. exd6 gxf2+ 15.
Kxf2 Bxd6 16. e5 Bc5+ 17. Ke2 Qd4 18. Qe6+ Ne7 19. Nd5 Qxc4+ 0-1

[Event "Titled Tue 1st Jul Late"]
[Site "chess.com INT"]
[Date "2025.07.01"]
[Round "4"]
[White "Hadzovic, Amir"]
[Black "Shapiro, Daniel"]
[Result "1-0"]
[WhiteTitle "FM"]
[BlackTitle "FM"]
[WhiteElo "2354"]
[BlackElo "2284"]
[WhiteFideId "14402300"]
[BlackFideId "2001780"]
[EventDate "2025.07.01"]

1. e4 c5 2. Nc3 Nc6 3. f4 e6 4. Nf3 a6 5. d3 g6 6. g3 Bg7 7. Bg2 Nge7 8. O-O d6
9. h3 O-O 10. Ne2 f5 11. c3 b5 12. Be3 Bb7 13. Qc2 Rc8 14. Rae1 b4 15. Qb3 Qd7
16. Ng5 Rf6 17. d4 Na5 18. Qd1 h6 19. e5 Bxg2 20. exf6 Bxf6 21. Kxg2 hxg5 22.
fxg5 Qc6+ 23. Kh2 Nc4 24. Nf4 Bxg5 25. Qe2 Nxe3 26. Qxe3 e5 27. dxe5 Nd5 28. Qe2
Nxf4 29. gxf4 Bh4 30. Rd1 dxe5 31. fxe5 Re8 32. Qc4+ Kg7 33. Qxh4 Rxe5 34. Rfe1
Rxe1 35. Qxe1 1-0

[Event "Titled Tue 1st Jul Late"]
[Site "chess.com INT"]
[Date "2025.07.01"]
[Round "4"]
[White "Baker, Aidan"]
[Black "Goryachkina, Aleksandra"]
[Result "0-1"]
[BlackTitle "GM"]
[WhiteElo "2130"]
[BlackElo "2533"]
[WhiteFideId "30981565"]
[BlackFideId "4147103"]
[EventDate "2025.07.01"]

1. e4 c5 2. Nf3 Nc6 3. Bb5 e5 4. O-O Bd6 5. c3 a6 6. Bxc6 dxc6 7. Na3 Ne7 8. Nc4
Bg4 9. h3 Bxf3 10. Nxd6+ Qxd6 11. Qxf3 Rd8 12. Rd1 Qd3 13. Qxd3 Rxd3 14. Kf1 O-O
15. Ke2 Rfd8 16. b3 Ng6 17. g3 h5 18. h4 Nf8 19. Ba3 Ne6 20. Rac1 b5 21. Rc2 f6
22. Rf1 a5 23. f4 Rxg3 24. fxe5 fxe5 25. Rf5 Nf4+ 26. Ke1 Rg4 27. Kf1 Rxh4 28.
Rxe5 Rh1+ 29. Kf2 Nd3+ 30. Kg2 Nxe5 31. Kxh1 Nd3 32. Kg2 c4 33. bxc4 bxc4 34.
Be7 Rd7 35. Bg5 Rb7 36. a4 Ne1+ 0-1

[Event "Titled Tue 1st Jul Late"]
[Site "chess.com INT"]
[Date "2025.07.01"]
[Round "4"]
[White "Goltsev, Dmitry"]
[Black "Alvarado, Carlos"]
[Result "1-0"]
[WhiteTitle "FM"]
[BlackTitle "CM"]
[WhiteElo "2180"]
[BlackElo "2032"]
[WhiteFideId "24176710"]
[BlackFideId "3800555"]
[EventDate "2025.07.01"]

1. e4 c6 2. e5 d5 3. exd6 exd6 4. d4 d5 5. Nf3 Nf6 6. c4 dxc4 7. Bxc4 Be7 8. O-O
O-O 9. Re1 Nbd7 10. Nc3 Nb6 11. Bb3 h6 12. Qd3 Bd6 13. Bd2 Nbd5 14. a3 Be6 15.
Bc2 Re8 16. Ne5 Nxc3 17. bxc3 Bxe5 18. Rxe5 b5 19. Rae1 Qd7 20. h3 a5 21. g4 Bc4
22. Qg3 Rxe5 23. Rxe5 Nh7 24. Qe3 Be6 25. f4 Nf6 26. f5 Bc4 27. g5 hxg5 28. Qxg5
Qd6 29. Bc1 Re8 30. Qg3 Bd5 31. Bh6 g6 32. fxg6 Rxe5 33. dxe5 Qc5+ 34. Kh2 Nh5
35. gxf7+ Kxf7 36. Bg6+ Ke7 37. Bxh5 Qxa3 38. Qg7+ Kd8 39. Qf8+ Qxf8 40. Bxf8
Kc7 41. Bc5 Kd7 42. Bg4+ Be6 43. Kg3 Bxg4 44. hxg4 Ke6 45. Kf4 1-0

[Event "Titled Tue 1st Jul Late"]
[Site "chess.com INT"]
[Date "2025.07.01"]
[Round "4"]
[White "Ibarra Carlos Roberto"]
[Black "Fomevor, Cephas Clinton"]
[Result "0-1"]
[WhiteTitle "FM"]
[BlackTitle "CM"]
[WhiteElo "2116"]
[BlackElo "1883"]
[WhiteFideId "6707173"]
[BlackFideId "12601330"]
[EventDate "2025.07.01"]

1. d4 d5 2. c4 c6 3. Nf3 Nf6 4. Nc3 a6 5. cxd5 cxd5 6. Bg5 Ne4 7. Bf4 Nc6 8. e3
Nf6 9. Bd3 Bg4 10. h3 Bxf3 11. Qxf3 e6 12. O-O Bd6 13. Bg5 O-O 14. a3 b5 15. b4
Rc8 16. Rfc1 Be7 17. a4 Bxb4 18. axb5 Nxd4 19. exd4 Bxc3 20. Bxh7+ Kxh7 21. Rxc3
Rxc3 22. Qxc3 axb5 23. Qd3+ Kg8 24. Qxb5 Qb8 25. Qd3 Ne4 26. Bh4 Qf4 27. Be7
Qxf2+ 28. Kh2 Rc8 29. Rf1 Qd2 30. Qf3 f5 31. Rd1 Qh6 32. Rb1 Rc2 33. Rb8+ Kh7
34. Bb4 Rf2 35. Qd1 Qf4+ 36. Kg1 Qe3 37. Qh5+ Qh6 38. Qd1 Qg5 39. g3 Qxg3+ 40.
Kh1 Qg2# 0-1

[Event "Titled Tue 1st Jul Late"]
[Site "chess.com INT"]
[Date "2025.07.01"]
[Round "4"]
[White "Estrada Nieto, Julian"]
[Black "Cruz Mendez, Jean Marco"]
[Result "0-1"]
[WhiteTitle "IM"]
[BlackTitle "FM"]
[WhiteElo "2181"]
[BlackElo "2222"]
[WhiteFideId "5101018"]
[BlackFideId "3526402"]
[EventDate "2025.07.01"]

1. e4 c5 2. Nf3 e6 3. g3 Nc6 4. Bg2 d5 5. exd5 exd5 6. d4 Nf6 7. O-O cxd4 8.
Nxd4 Be7 9. Nxc6 bxc6 10. c4 O-O 11. Qa4 Be6 12. Bf4 Qb6 13. Nd2 Qxb2 14. Qxc6
Rac8 15. Qa6 dxc4 16. Qxa7 Qa3 17. Qxa3 Bxa3 18. Ne4 Bb2 19. Rad1 c3 20. Nxf6+
gxf6 21. Bc1 Bxa2 22. Be4 Bb3 23. Rd4 Rfe8 24. Rb4 Bc4 25. Re1 Bxc1 26. Rxc1
Rxe4 27. Rxc3 Re1+ 28. Kg2 Bf1+ 29. Kf3 Rxc3+ 30. Kf4 Rc4+ 31. Rxc4 Bxc4 32. f3
Kg7 33. g4 Kg6 34. h4 h5 35. gxh5+ Kxh5 36. Kf5 Re6 37. f4 Bd3# 0-1

[Event "Titled Tue 1st Jul Late"]
[Site "chess.com INT"]
[Date "2025.07.01"]
[Round "4"]
[White "Tabatabaei, M. Amin"]
[Black "Nguyen, Ngoc Truong Son"]
[Result "1-0"]
[WhiteTitle "GM"]
[BlackTitle "GM"]
[WhiteElo "2655"]
[BlackElo "2600"]
[WhiteFideId "12521213"]
[BlackFideId "12401110"]
[EventDate "2025.07.01"]

1. e4 e5 2. Nf3 Nc6 3. Bb5 Nf6 4. O-O Nxe4 5. Re1 Nd6 6. Nxe5 Be7 7. Bf1 Nf5 8.
Nf3 d5 9. d4 O-O 10. c3 Bd6 11. a4 Nce7 12. a5 Nc6 13. Bd3 Nce7 14. Nbd2 Ng6 15.
Nf1 Nfh4 16. Nxh4 Qxh4 17. g3 Qh3 18. Ne3 c6 19. Bf1 Qd7 20. h4 Re8 21. Qf3 Nf8
22. Bd2 Qc7 23. Nxd5 Qd8 24. Rxe8 Qxe8 25. Ne3 Be6 26. a6 b6 27. Bg2 Rc8 28. Re1
Qd7 29. h5 h6 30. c4 Nh7 31. Bc3 Ng5 32. Qd1 Bh3 33. f4 Bxg2 34. Nxg2 Qh3 35.
Re3 Nh7 36. g4 1-0

[Event "Titled Tue 1st Jul Late"]
[Site "chess.com INT"]
[Date "2025.07.01"]
[Round "4"]
[White "Noroozi, Omid"]
[Black "Korchynskyi, Mykola"]
[Result "0-1"]
[WhiteTitle "IM"]
[BlackTitle "FM"]
[WhiteElo "2266"]
[BlackElo "2335"]
[WhiteFideId "12501190"]
[BlackFideId "34138005"]
[EventDate "2025.07.01"]

1. c4 e6 2. Nc3 d5 3. d4 Nf6 4. cxd5 exd5 5. Bg5 Be7 6. e3 h6 7. Bh4 O-O 8. Bd3
b6 9. Nge2 Bb7 10. O-O Nbd7 11. Qc2 c5 12. f3 Re8 13. Rae1 Bd6 14. Bf2 Rc8 15.
Qd2 a6 16. Bb1 b5 17. Ng3 Nb6 18. e4 dxe4 19. Ngxe4 Nc4 20. Qc2 Nxe4 21. fxe4
cxd4 22. e5 g6 23. exd6 dxc3 24. Rxe8+ Qxe8 25. Qxc3 Qc6 26. Qg3 Nxd6 27. Bxg6
Qxg2+ 28. Qxg2 Bxg2 29. Bxf7+ Kxf7 30. Kxg2 Rc2 31. Kg1 Kg6 32. Bd4 Nf5 33. Bc3
Ne3 34. Rf6+ Kg5 35. Rxa6 Rg2+ 36. Kh1 Rc2 37. Kg1 Rg2+ 38. Kh1 Rf2 39. h4+ Kg4
40. Rf6 Rc2 41. Re6 Nf5 42. Re4+ Kh3 43. Kg1 Rg2+ 44. Kf1 Ng3+ 45. Ke1 Nxe4 0-1

[Event "Titled Tue 1st Jul Late"]
[Site "chess.com INT"]
[Date "2025.07.01"]
[Round "4"]
[White "Coe, William"]
[Black "Kocharin, Timur"]
[Result "0-1"]
[BlackTitle "FM"]
[WhiteElo "2078"]
[BlackElo "2304"]
[WhiteFideId "30913624"]
[BlackFideId "16240936"]
[EventDate "2025.07.01"]

1. e4 Nh6 2. d4 c6 3. Nc3 d5 4. e5 Nf5 5. Nf3 c5 6. Bb5+ Bd7 7. Bxd7+ Qxd7 8.
dxc5 e6 9. O-O Bxc5 10. a3 a6 11. b4 Be7 12. Bb2 O-O 13. Ne2 Rc8 14. Rc1 b5 15.
Ned4 Nxd4 16. Nxd4 Nc6 17. c3 Nxd4 18. cxd4 Rc4 19. Rxc4 dxc4 20. Bc3 Rd8 21.
Qe2 Qd5 22. Rd1 h6 23. f3 a5 24. Qe4 Qd7 25. g3 Qa7 26. Kg2 axb4 27. axb4 Qa3
28. Qe3 Bxb4 29. Rc1 Bxc3 30. Rxc3 Qb2+ 31. Kh3 Qa2 32. Ra3 Qc2 33. Ra7 Qd3 34.
Qf4 Qf5+ 35. Qxf5 exf5 36. Rb7 Rd5 37. f4 c3 38. Rb6 Rxd4 39. Rxb5 c2 40. Rc5
Rd2 41. g4 fxg4+ 42. Kg3 g6 43. Rc6 Kg7 44. Rc7 Kf8 45. Kxg4 Rxh2 46. f5 gxf5+
47. Kxf5 Rf2+ 48. Ke4 h5 49. Ke3 Rh2 50. Kf3 h4 51. Kg4 Ke8 52. Kf3 Kd8 53. Rc5
Kd7 54. Kg4 Ke6 55. Kf3 f6 56. exf6 Kxf6 57. Kg4 Ke6 58. Rc3 Kd5 59. Rc8 Kd4 60.
Rd8+ Kc3 61. Rc8+ Kb2 62. Rb8+ Kc1 63. Rc8 Kd1 64. Rd8+ Rd2 0-1

[Event "Titled Tue 1st Jul Late"]
[Site "chess.com INT"]
[Date "2025.07.01"]
[Round "4"]
[White "Jagirapu, Harshin Reddy"]
[Black "Sanal, Vahap"]
[Result "1-0"]
[BlackTitle "GM"]
[WhiteElo "2042"]
[BlackElo "2564"]
[WhiteFideId "39910679"]
[BlackFideId "6300545"]
[EventDate "2025.07.01"]

1. d4 e6 2. Nf3 b6 3. e3 Bb7 4. Nbd2 Nf6 5. Bd3 Be7 6. O-O O-O 7. e4 d5 8. e5
Ne4 9. Qe2 Nxd2 10. Bxd2 c5 11. c3 a5 12. Bf4 Ba6 13. g3 Qc8 14. Rac1 Bxd3 15.
Qxd3 Qa6 16. Qe3 Nc6 17. a3 Qb5 18. Qd2 a4 19. h4 Na5 20. Rc2 Nc4 21. Qe2 Rfc8
22. Kg2 Rc7 23. Ng5 h6 24. Nf3 Rac8 25. g4 Qb3 26. Rfc1 Na5 27. Nd2 Qa2 28. b4
Qxc2 29. Rxc2 cxb4 30. axb4 Nc4 31. Nxc4 Rxc4 32. Ra2 b5 33. Bd2 Bxh4 34. f4 Be7
35. f5 Bg5 36. Bxg5 hxg5 37. Qe3 exf5 38. gxf5 R8c6 39. Qxg5 Rh6 40. Re2 Rxc3
41. e6 fxe6 42. fxe6 Rch3 43. Qf4 R3h4 44. Qxh4 Rxh4 45. e7 Re4 46. Rxe4 dxe4
47. e8=Q+ 1-0

[Event "Titled Tue 1st Jul Late"]
[Site "chess.com INT"]
[Date "2025.07.01"]
[Round "4"]
[White "Stefansson, Vignir Vatnar"]
[Black "Burovic, Rijad"]
[Result "1-0"]
[WhiteTitle "GM"]
[BlackTitle "IM"]
[WhiteElo "2515"]
[BlackElo "2420"]
[WhiteFideId "2308649"]
[BlackFideId "14407701"]
[EventDate "2025.07.01"]

1. e4 g6 2. d4 d6 3. Nc3 Bg7 4. h4 Nf6 5. Be2 h5 6. Nf3 Bg4 7. Bg5 O-O 8. Qd2 c6
9. a4 Nbd7 10. O-O-O Qa5 11. Kb1 Rfe8 12. Rhe1 e5 13. Bc4 a6 14. dxe5 dxe5 15.
Bxf6 Nxf6 16. Ng5 Be6 17. Nxe6 fxe6 18. Qg5 Kh7 19. f4 b5 20. fxe5 Ng4 21. Be2
Nxe5 22. g4 b4 23. Na2 Qxa4 24. gxh5 b3 25. hxg6+ Kg8 26. cxb3 Qxb3 27. Nc3 Rab8
28. Qc1 Nc4 29. Bxc4 Qxc3 30. Qxc3 Bxc3 31. Re2 Bg7 32. Rd7 Rb4 33. b3 Kh8 34.
h5 Reb8 35. h6 Rxb3+ 36. Bxb3 Rxb3+ 37. Ka2 Rb2+ 38. Rxb2 Bf8 39. g7+ 1-0

[Event "Titled Tue 1st Jul Late"]
[Site "chess.com INT"]
[Date "2025.07.01"]
[Round "4"]
[White "Vijayakumar, Rishi"]
[Black "Plichta, Kamil"]
[Result "0-1"]
[WhiteTitle "FM"]
[BlackTitle "FM"]
[WhiteElo "2333"]
[BlackElo "2361"]
[WhiteFideId "2408953"]
[BlackFideId "1141830"]
[EventDate "2025.07.01"]

1. d4 g6 2. e4 Bg7 3. Nc3 c5 4. dxc5 Bxc3+ 5. bxc3 Nf6 6. Bd3 Qa5 7. Bd2 Qxc5 8.
Nf3 d6 9. O-O O-O 10. Re1 Nbd7 11. Rb1 b6 12. c4 Bb7 13. Bc3 e5 14. Qd2 Kg7 15.
h3 Rfd8 16. Rbd1 Qc7 17. Ba1 Nc5 18. Qg5 h6 19. Qh4 Ne6 20. Qg3 Nh5 21. Qg4 Kh7
22. h4 Qe7 23. g3 Nc5 24. Qh3 Bc8 25. Qg2 Bg4 26. Rd2 Rac8 27. Nh2 Be6 28. Bf1
g5 29. Be2 Nf6 30. hxg5 hxg5 31. g4 Kg6 32. Bf3 Bxc4 33. Qg3 Ne6 34. Nf1 Bxf1
35. Rxf1 Nf4 36. Bd1 Nxe4 37. Qe3 Nxd2 38. Qxd2 Qb7 39. f3 Qc6 40. c4 Qxc4 41.
Bc2+ Qxc2 42. Qb4 Qg2# 0-1

[Event "Titled Tue 1st Jul Late"]
[Site "chess.com INT"]
[Date "2025.07.01"]
[Round "4"]
[White "Stoica, Savas Marin"]
[Black "Antoniou, Rafail"]
[Result "0-1"]
[BlackTitle "CM"]
[WhiteElo "2092"]
[BlackElo "2134"]
[WhiteFideId "464309"]
[BlackFideId "5904390"]
[EventDate "2025.07.01"]

1. d4 c5 2. d5 e6 3. Nc3 Nf6 4. e4 exd5 5. e5 Ng8 6. Nxd5 Nc6 7. Nf3 d6 8. Bg5
Qa5+ 9. Bd2 Qd8 10. exd6 Bxd6 11. Bb5 Nf6 12. Qe2+ Be6 13. Nf4 Bxf4 14. Bxc6+
bxc6 15. Bxf4 O-O 16. O-O Re8 17. Qd2 Qb6 18. Be5 Ne4 19. Qf4 f5 20. Ng5 Nxg5
21. Qxg5 Qb7 22. Rfe1 Qf7 23. Bc3 h6 24. Qe3 c4 25. Qf4 Bd5 26. Rad1 Qg6 27. f3
Qf7 28. h4 Kh7 29. Kf2 Qg6 30. Rxe8 Rxe8 31. Qd4 f4 32. Qxf4 Qxc2+ 33. Rd2 Qg6
34. Qd4 Rf8 0-1

[Event "Titled Tue 1st Jul Late"]
[Site "chess.com INT"]
[Date "2025.07.01"]
[Round "4"]
[White "Kurpiewski, Slawomir"]
[Black "Dilmukhametov, Artur"]
[Result "0-1"]
[WhiteTitle "CM"]
[BlackTitle "FM"]
[WhiteElo "1973"]
[BlackElo "2276"]
[WhiteFideId "1114530"]
[BlackFideId "24179922"]
[EventDate "2025.07.01"]

1. f4 Nc6 2. Nf3 d6 3. c3 e5 4. d3 f6 5. e4 Bg4 6. Be2 Nge7 7. O-O Ng6 8. f5
Nge7 9. h3 Bh5 10. g4 Bf7 11. d4 exd4 12. cxd4 Qd7 13. d5 Ne5 14. Nxe5 fxe5 15.
Nc3 h5 16. g5 a6 17. g6 Bxg6 18. fxg6 Nxg6 19. Bxh5 Qxh3 20. Qg4 Qxh5 21. Qxh5
Rxh5 22. Be3 O-O-O 23. Rf7 Be7 24. Raf1 Bf6 25. b4 Rdh8 26. b5 Rh1+ 27. Kf2
R8h2+ 28. Ke1 Rxf1+ 29. Kxf1 Rc2 30. bxa6 bxa6 31. Ne2 Rxa2 32. Ng3 Nh4 33. Nf5
Nxf5 34. exf5 a5 35. Ke1 a4 36. Kd1 a3 37. Bd2 Rxd2+ 38. Kxd2 a2 39. Rf8+ Kb7
40. Rh8 a1=Q 0-1

[Event "Titled Tue 1st Jul Late"]
[Site "chess.com INT"]
[Date "2025.07.01"]
[Round "4"]
[White "Cernov, Henrik"]
[Black "Zakin, Ilay"]
[Result "1/2-1/2"]
[WhiteTitle "FM"]
[BlackTitle "FM"]
[WhiteElo "2325"]
[BlackElo "2300"]
[WhiteFideId "16258312"]
[BlackFideId "2848279"]
[EventDate "2025.07.01"]

1. e4 c5 2. Nf3 g6 3. b3 Bg7 4. Nc3 Nc6 5. Bb2 d6 6. Bc4 Nf6 7. Nd5 e6 8. Nxf6+
Bxf6 9. Bxf6 Qxf6 10. O-O O-O 11. c3 e5 12. h3 Be6 13. d3 Rad8 14. Nd2 d5 15.
exd5 Bxd5 16. Bxd5 Rxd5 17. Ne4 Qd8 18. Qc1 f5 19. Ng5 Re8 20. h4 Rxd3 21. Qa3
Qa5 22. Qxa5 Nxa5 23. Rad1 Red8 24. Rxd3 Rxd3 25. c4 Nc6 26. Re1 Rd2 27. Nf3
Rxa2 28. Nxe5 Nxe5 29. Rxe5 Rb2 30. Rxc5 Rxb3 31. Rc7 a5 32. c5 a4 33. c6 bxc6
34. Rxc6 Kg7 35. Rc7+ Kh6 36. Ra7 a3 37. Kh2 Rc3 38. g3 Kh5 39. Rxh7+ Kg4 40.
Kg2 f4 41. gxf4 Kxf4 42. Ra7 Kg4 43. Ra4+ Kh5 44. Kh2 Rb3 45. Kg2 Rc3 46. Kh2
Rc2 47. Rxa3 Rxf2+ 48. Kg3 Rf5 49. Ra8 Kh6 1/2-1/2